La revocación de la Donatio Mortis causa en el derecho romano clásico.
Uloženo v:
| Hlavní autor: | |
|---|---|
| Médium: | Kniha |
| Jazyk: | angličtina |
| Vydáno: |
Madrid, España:
Dykinson,
2003.
|
| Edice: | Colección Monografías de Derecho Romano.
|
| Témata: | |
| Tagy: |
Přidat tag
Žádné tagy, Buďte první, kdo vytvoří štítek k tomuto záznamu!
|
MARC
| LEADER | 00000nam a22000007a 4500 | ||
|---|---|---|---|
| 003 | CL-VaPUC | ||
| 005 | 20220822114505.0 | ||
| 008 | 220614b2003 ||||| |||| 00| 0 eng d | ||
| 999 | |c 436024 |d 436022 | ||
| 020 | |a 84-9772-162-4 | ||
| 040 | |c Pontificia Universidad Católica de Valparaíso | ||
| 082 | 7 | |a 340.54 TOR 2003 |2 22 | |
| 100 | 1 | |a Tort-Martorell Llabrés, Carmen |e autora |9 870667 | |
| 245 | |a La revocación de la Donatio Mortis causa en el derecho romano clásico. | ||
| 260 | |a Madrid, España: |b Dykinson, |c 2003. | ||
| 300 | |a 183 páginas. | ||
| 490 | |a Colección Monografías de Derecho Romano. | ||
| 500 | |a c.1 Donación Familia Prof. Alejandro Guzmán Brito. | ||
| 583 | |c 20220614 |k Cristina María Rojas Aguilar | ||
| 650 | |a Derecho romano |9 255930 | ||
| 650 | |a Donación |x Derecho |9 870668 | ||
| 942 | |2 ddc |c BK |n 0 | ||
| 952 | |0 0 |1 0 |2 ddc |4 0 |5 1 |6 340_540000000000000_TOR_2003 |7 1 |8 C_AGB |9 583702 |a BIBDER |b BIBDER |d 2022-06-14 |f Donación |i 5651831 |o 340.54 TOR 2003 |p 5651831 |r 2023-01-25 |t 1 |w 2022-06-14 |y BK_US |k AGB | ||